| 000 | 00655cam a22002172 4500 | ||
|---|---|---|---|
| 001 | 0000019218 | ||
| 005 | 20151217152149.0 | ||
| 008 | 101021s xx 000 0 eng d | ||
| 020 | _a013713598x | ||
| 040 |
_aKABU _cKABU |
||
| 050 | 0 |
_aHF5549 _b.D47 2009 |
|
| 100 | 1 |
_aDessler, Gary, _d1942-. _@0000150708 |
|
| 245 | 1 | 2 |
_aA Framework for human resource management / _cGary Dessler. |
| 250 | _a5th ed. | ||
| 260 |
_aUpper Saddle River, NJ. : _bPrentice-Hall, _cc2009. |
||
| 300 | _axiv, 432 p. | ||
| 650 | 0 |
_aPersonnel management. _@0000150761 |
|
| 852 | 1 | _9p6368.70 KES | |
| 908 | _a101021 | ||
| 950 | _@1 | ||
| 999 |
_c8882 _d8882 |
||